| 000 | 00427nam a22001337a 4500 | ||
|---|---|---|---|
| 005 | 20250820113111.0 | ||
| 008 | 250820b |||||||| |||| 00| 0 eng d | ||
| 050 |
_aTHE R 855 .3 .N598 2015 _bC. 1 |
||
| 100 | _aNJIRU, NJUE FRANCIS | ||
| 245 | _aADOPTION OF ELECTRONIC HEALTHCARE SEERVICES IN RURAL AREAS OF KENYA WITH REFERENCE TO MERU COUNTY | ||
| 260 |
_aKENYA _bKISII UNIVERSITY _c2015 |
||
| 300 | _aX,67 | ||
| 942 |
_2lcc _cREF |
||
| 999 |
_c216044 _d216044 |
||